| 000 | 00594nam a22002057a 4500 | ||
|---|---|---|---|
| 003 | OSt | ||
| 005 | 20140310182021.0 | ||
| 008 | 130731t xxu||||| |||| 00| 0 eng d | ||
| 020 | _a9789719341857 | ||
| 050 |
_aDS 675.8 _b.R627 2009 |
||
| 082 |
_aFIL 899.2103 _bR528 2009 |
||
| 100 |
_aRizal, Jose _91443 |
||
| 245 |
_aNoli me tangere / _cRizal, Jose. translated by Leon Ma. Guerrero. |
||
| 260 |
_aPhilippines : _bGuerrero Publishing, _c2009. |
||
| 300 |
_a470 p. : _c23 cm. |
||
| 541 | _j1 | ||
| 562 | _e1 | ||
| 650 |
_aRizal Y Alonzo, Jose _97038 |
||
| 942 |
_2lcc _cBK-FIL _kFIL |
||
| 999 |
_c8343 _d8343 |
||